<?xml version="1.0" encoding="UTF-8"?>
<marc:record xmlns:marc="http://www.loc.gov/MARC21/slim">
   <marc:leader>00000nam a2200000 a 4500</marc:leader>
   <marc:datafield ind1="1" ind2=" " tag="100">
      <marc:subfield code="a">Bomann, Corina</marc:subfield>
      <marc:subfield code="4">aut</marc:subfield>
      <marc:subfield code="e">Verfasser/-in</marc:subfield>
   </marc:datafield>
   <marc:datafield ind1=" " ind2=" " tag="653">
      <marc:subfield code="a">frauenromane</marc:subfield>
   </marc:datafield>
   <marc:datafield ind1=" " ind2=" " tag="653">
      <marc:subfield code="a">familiensaga</marc:subfield>
   </marc:datafield>
   <marc:datafield ind1=" " ind2=" " tag="653">
      <marc:subfield code="a">romane für frauen</marc:subfield>
   </marc:datafield>
   <marc:datafield ind1=" " ind2=" " tag="653">
      <marc:subfield code="a">schottland</marc:subfield>
   </marc:datafield>
   <marc:datafield ind1=" " ind2=" " tag="653">
      <marc:subfield code="a">buch</marc:subfield>
   </marc:datafield>
   <marc:datafield ind1=" " ind2=" " tag="653">
      <marc:subfield code="a">bücher</marc:subfield>
   </marc:datafield>
   <marc:datafield ind1=" " ind2=" " tag="653">
      <marc:subfield code="a">taschenbuch</marc:subfield>
   </marc:datafield>
   <marc:datafield ind1=" " ind2=" " tag="653">
      <marc:subfield code="a">liebesromane</marc:subfield>
   </marc:datafield>
   <marc:datafield ind1=" " ind2=" " tag="653">
      <marc:subfield code="a">butlerschule</marc:subfield>
   </marc:datafield>
   <marc:datafield ind1=" " ind2=" " tag="653">
      <marc:subfield code="a">butleresse</marc:subfield>
   </marc:datafield>
   <marc:datafield ind1=" " ind2=" " tag="653">
      <marc:subfield code="a">liebesroman auf zwei zeitebenen</marc:subfield>
   </marc:datafield>
   <marc:datafield ind1=" " ind2=" " tag="653">
      <marc:subfield code="a">familiengeheimnis</marc:subfield>
   </marc:datafield>
   <marc:datafield ind1=" " ind2=" " tag="653">
      <marc:subfield code="a">corina bomann waldfriede</marc:subfield>
   </marc:datafield>
   <marc:datafield ind1=" " ind2=" " tag="653">
      <marc:subfield code="a">waldfriedesaga</marc:subfield>
   </marc:datafield>
   <marc:datafield ind1=" " ind2=" " tag="653">
      <marc:subfield code="a">highlands</marc:subfield>
   </marc:datafield>
   <marc:datafield ind1=" " ind2=" " tag="653">
      <marc:subfield code="a">downton abbey</marc:subfield>
   </marc:datafield>
   <marc:datafield ind1=" " ind2=" " tag="653">
      <marc:subfield code="a">saga</marc:subfield>
   </marc:datafield>
   <marc:datafield ind1=" " ind2=" " tag="653">
      <marc:subfield code="a">bestseller</marc:subfield>
   </marc:datafield>
   <marc:datafield ind1=" " ind2=" " tag="653">
      <marc:subfield code="a">löwenhof saga</marc:subfield>
   </marc:datafield>
   <marc:datafield ind1=" " ind2=" " tag="653">
      <marc:subfield code="a">lucinda riley</marc:subfield>
   </marc:datafield>
   <marc:datafield ind1=" " ind2=" " tag="653">
      <marc:subfield code="a">bestsellerautorin</marc:subfield>
   </marc:datafield>
   <marc:datafield ind1=" " ind2=" " tag="653">
      <marc:subfield code="a">dunkle geheimnisse</marc:subfield>
   </marc:datafield>
   <marc:datafield ind1=" " ind2=" " tag="653">
      <marc:subfield code="a">familiengeschichte</marc:subfield>
   </marc:datafield>
   <marc:datafield ind1=" " ind2=" " tag="653">
      <marc:subfield code="a">solidarität</marc:subfield>
   </marc:datafield>
   <marc:datafield ind1="0" ind2="0" tag="245">
      <marc:subfield code="a">Die Geheimnisse von Rosewell Castle</marc:subfield>
   </marc:datafield>
   <marc:datafield ind1="0" ind2="0" tag="245">
      <marc:subfield code="b">Roman - Der Auftakt der neuen Familiensaga rund um eine traditionsreiche Butlerschule. Mit Farbschnitt in limitierter Erstauflage</marc:subfield>
   </marc:datafield>
   <marc:datafield ind1="0" ind2="0" tag="245">
      <marc:subfield code="c">Corina Bomann</marc:subfield>
   </marc:datafield>
   <marc:datafield ind1=" " ind2="1" tag="264">
      <marc:subfield code="a">München</marc:subfield>
      <marc:subfield code="b">Penguin</marc:subfield>
      <marc:subfield code="c">2026</marc:subfield>
   </marc:datafield>
   <marc:datafield ind1="1" ind2=" " tag="490">
      <marc:subfield code="a">Die Butlerschule</marc:subfield>
      <marc:subfield code="v">1</marc:subfield>
   </marc:datafield>
   <marc:datafield ind1=" " ind2=" " tag="250">
      <marc:subfield code="a">Originalausgabe</marc:subfield>
   </marc:datafield>
   <marc:datafield ind1="1" ind2=" " tag="520">
      <marc:subfield code="a">SPIEGEL-Bestsellerautorin Corina Bomann mit ihrer neuen Dilogie: Zwei Frauen, ein tragisches Geheimnis und eine ehrwürdige Butlerschule in den schottischen Highlands
&lt;br&gt;
&lt;br&gt;
Als Isabel die beeindruckenden Hallen des schottischen Rosewell Castle betritt, spürt sie, dass hier ihre Chance auf ein neues Leben wartet. Absolviert sie die Ausbildung zur Butleresse erfolgreich, wird ihr Einlass gewährt in die glamouröse Welt der Lords und Ladys, sogar das Königshaus stünde ihr offen. Der Weg an die Spitze ist steinig, doch schon bald bietet ihr Garrett Hayes, der Musterschüler, seine Hilfe an. Dankend nimmt sie an, ohne zu ahnen, dass Garrett einen unmoralischen Plan verfolgt.
Eines Tages findet Isabel in der Bibliothek das Foto einer Frau, die ihrer verstorbenen Großmutter Bonnie erstaunlich ähnlich sieht – hatte ihre Großmutter etwa eine Schwester? Und was hatte diese mit Rosewell Castle zu tun? Isabel beginnt, Nachforschungen anzustellen, und stößt auf eine höchst dramatische Liebesgeschichte aus dem Jahr 1969, die enger mit ihrem eigenen Leben verwoben ist, als sie erahnt …

Der neue atmosphärische Zweiteiler der Bestsellerautorin Corina Bomann entführt in die faszinierende Welt der Butler und Butleresses – kombiniert mit einem folgenschweren Familiengeheimnis und zwei schicksalshaften Liebesgeschichten, wird »Die Geheimnisse von Rosewell Castle« zu einem perfekten Leseerlebnis. Der zweite Band »Die Schatten über Hallingham Hall« wird im Herbst 2026 erscheinen.

Für noch mehr große Gefühle und bewegende Schicksale lesen Sie auch die anderen Romane von der Bestsellerautorin:
Die Schmetterlingsinsel
&lt;br&gt;
Die Jasminschwestern
&lt;br&gt;
Der Mondscheingarten
&lt;br&gt;
Die Sturmrose
Waldfriede-Saga:
1. Sternstunde. Die Schwestern vom Waldfriede
&lt;br&gt;
2. Leuchtfeuer. Die Schwestern vom Waldfriede
&lt;br&gt;
3. Sturmtage. Die Schwestern vom Waldfriede
&lt;br&gt;
4. Wunderzeit. Die Schwestern vom Waldfriede
Rosenhag-Saga:
1. Die Frauen vom Rosenhag. Traum vom Neubeginn
&lt;br&gt;
2. Die Frauen vom Rosenhag. Sehnsucht nach Freiheit
</marc:subfield>
   </marc:datafield>
   <marc:datafield ind1=" " ind2=" " tag="020">
      <marc:subfield code="a">9783328113126</marc:subfield>
      <marc:subfield code="9">9783328113126</marc:subfield>
   </marc:datafield>
   <marc:datafield ind1=" " ind2=" " tag="020">
      <marc:subfield code="a">3328113126</marc:subfield>
      <marc:subfield code="9">3328113126</marc:subfield>
   </marc:datafield>
   <marc:datafield ind1=" " ind2=" " tag="041">
      <marc:subfield code="a">ger</marc:subfield>
   </marc:datafield>
   <marc:datafield ind1=" " ind2=" " tag="300">
      <marc:subfield code="a">576 Seiten</marc:subfield>
   </marc:datafield>
</marc:record>
